[Event "10th Open"]
[Site "Dubai UAE"]
[Date "2008.04.10"]
[Round "5"]
[White "Adly, A."]
[Black "Moosavian, S."]
[Result "1-0"]
[WhiteElo "2578"]
[BlackElo "2404"]
[PlyCount "51"]
[EventDate "2008.04.07"]

1. Nf3 e6 2. g3 f5 3. Bg2 Nf6 4. O-O Be7 5. d3 O-O 6. Nbd2 Nc6 7. e4 e5 8. exf5
d5 9. Re1 Bd6 10. Nh4 Bc5 11. Nf1 Qd6 12. Be3 Bb6 13. g4 g6 14. Bxb6 axb6 15.
Ne3 g5 16. Nf3 h6 17. h3 Bd7 18. c4 d4 19. Nd5 Rae8 20. Nd2 Nd8 21. c5 Qxc5 22.
Rc1 Qb5 23. Nxc7 Qxb2 24. Nc4 Qb4 25. a3 Qc5 26. Nxe8 1-0

[Event "10th Open"]
[Site "Dubai UAE"]
[Date "2008.04.10"]
[Round "5"]
[White "Zhou Weiqi"]
[Black "Mas, H."]
[Result "1/2-1/2"]
[WhiteElo "2560"]
[BlackElo "2396"]
[PlyCount "62"]
[EventDate "2008.04.07"]

1. d4 Nf6 2. c4 c5 3. d5 b5 4. cxb5 a6 5. e3 g6 6. Nc3 d6 7. bxa6 Bg7 8. Nf3
O-O 9. Be2 Bxa6 10. O-O Nbd7 11. e4 Qb6 12. h3 Rfb8 13. Bxa6 Qxa6 14. Rb1 Ne8
15. Bd2 Nc7 16. Bg5 Nb5 17. Qd2 Bxc3 18. bxc3 f6 19. Bh6 Qxa2 20. Qf4 Nxc3 21.
Rxb8+ Rxb8 22. Qg4 Nf8 23. Re1 Qa4 24. Re3 Nd1 25. Re1 Nb2 26. Rb1 Qa2 27. Nd2
Qa7 28. Qf3 Nd7 29. Qg4 Nf8 30. Qf3 Nd7 31. Qg4 Nf8 1/2-1/2

[Event "10th Open"]
[Site "Dubai UAE"]
[Date "2008.04.10"]
[Round "5"]
[White "Wang Li"]
[Black "Gleizerov, E."]
[Result "0-1"]
[WhiteElo "2407"]
[BlackElo "2556"]
[PlyCount "88"]
[EventDate "2008.04.07"]

1. e4 e6 2. d4 d5 3. Nc3 Nf6 4. e5 Nfd7 5. f4 c5 6. Nf3 Nc6 7. Be3 Be7 8. Qd2
O-O 9. Be2 a6 10. O-O b5 11. a3 Qb6 12. dxc5 Bxc5 13. Bxc5 Nxc5 14. Kh1 d4 15.
Nd1 Rd8 16. Nf2 Ne7 17. b4 Na4 18. Bd3 Nf5 19. Ne4 Bb7 20. Qf2 Nb2 21. Nc5 Nxd3
22. cxd3 a5 23. Nb3 axb4 24. axb4 Ra4 25. Nc5 Rxb4 26. Rfc1 Ne3 27. Qh4 Nf5 28.
Qxd8+ Qxd8 29. Nxb7 Qb8 30. Nd6 Ne7 31. Ng5 Ra4 32. Rab1 b4 33. Rc4 Qa8 34. h3
h6 35. Nf3 Qa5 36. Nb7 Qa7 37. Nd6 Nd5 38. f5 Ra1 39. Rxa1 Qxa1+ 40. Kh2 exf5
41. Rxd4 Ne3 42. Rxb4 Qa2 43. Nh4 Qf2 44. Ne8 Ng4+ 0-1

[Event "10th Open"]
[Site "Dubai UAE"]
[Date "2008.04.10"]
[Round "5"]
[White "Ibrahimov, R."]
[Black "Nasri, A."]
[Result "1/2-1/2"]
[WhiteElo "2535"]
[BlackElo "2364"]
[PlyCount "73"]
[EventDate "2008.04.07"]

1. Nf3 d5 2. d4 e6 3. g3 Nf6 4. Bg2 Be7 5. O-O O-O 6. c4 dxc4 7. Qc2 a6 8. Qxc4
b5 9. Qc2 Bb7 10. Bg5 Nbd7 11. Bxf6 Nxf6 12. Nbd2 Rc8 13. Nb3 Be4 14. Qc3 Bd5
15. Nc5 Ne4 16. Qc2 Nxc5 17. dxc5 Qe8 18. Rfd1 Bf6 19. e4 Bc6 20. Qe2 Rd8 21.
e5 Be7 22. b4 Rxd1+ 23. Rxd1 Qa8 24. Ne1 Bxg2 25. Nxg2 Rd8 26. Ne3 Rxd1+ 27.
Qxd1 Qc6 28. Qd4 Kf8 29. Kf1 Ke8 30. Ke2 g6 31. h4 h5 32. a3 Qa8 33. Qd3 Qc6
34. Qd4 Qa8 35. Qd3 Qc6 36. Nd1 Bf8 37. Ne3 1/2-1/2

[Event "10th Open"]
[Site "Dubai UAE"]
[Date "2008.04.10"]
[Round "5"]
[White "Sadatnajafi, M."]
[Black "Ibrayev, N."]
[Result "1-0"]
[WhiteElo "2288"]
[BlackElo "2507"]
[PlyCount "47"]
[EventDate "2008.04.07"]

1. e4 c5 2. Nf3 e6 3. d4 cxd4 4. Nxd4 a6 5. Nc3 d6 6. Bc4 Nf6 7. Bb3 b5 8. O-O
Bb7 9. Re1 Nbd7 10. a4 b4 11. Nd5 Nc5 12. Bg5 exd5 13. exd5+ Kd7 14. Nc6 Bxc6
15. dxc6+ Kxc6 16. Bd5+ Kb6 17. Bxa8 Qxa8 18. Qd4 Nd5 19. Rad1 Nc7 20. Qxb4+
Ka7 21. Be3 N7e6 22. Qc4 Qc6 23. b4 Qxa4 24. Qd5 1-0

[Event "10th Open"]
[Site "Dubai UAE"]
[Date "2008.04.06"]
[Round "1"]
[White "Ibrahimov, R."]
[Black "Saud, M."]
[Result "1-0"]
[WhiteElo "2535"]
[BlackElo "2158"]
[PlyCount "63"]
[EventDate "2008.04.07"]

1. Nf3 Nf6 2. c4 c5 3. Nc3 g6 4. d4 Bg7 5. e4 d6 6. Be2 O-O 7. O-O Na6 8. Be3
Ng4 9. Bc1 Nf6 10. d5 Nc7 11. Bf4 a6 12. h3 b5 13. e5 Nh5 14. Bh2 Bh6 15. Re1
Nf4 16. Bf1 Rb8 17. b3 bxc4 18. bxc4 Bd7 19. Re4 g5 20. exd6 exd6 21. Nxg5 f5
22. Rxf4 Bxg5 23. Rf3 Qe7 24. Bf4 Bxf4 25. Rxf4 Qe5 26. Qd2 Rfe8 27. Rf3 Kh8
28. Rd1 Rb4 29. Qh6 Rb6 30. Rg3 a5 31. Re1 Qxg3 32. fxg3 1-0

[Event "10th Open"]
[Site "Dubai UAE"]
[Date "2008.04.06"]
[Round "1"]
[White "Darwish, M."]
[Black "Safarli, E."]
[Result "1/2-1/2"]
[WhiteElo "2157"]
[BlackElo "2524"]
[PlyCount "95"]
[EventDate "2008.04.07"]

1. e4 c5 2. Nf3 d6 3. d4 cxd4 4. Nxd4 Nf6 5. Nc3 a6 6. Bg5 e6 7. f4 Qb6 8. Qd2
Nc6 9. O-O-O Qxd4 10. Qxd4 Nxd4 11. Rxd4 Be7 12. g3 Bd7 13. Bg2 Bc6 14. Re1 h6
15. Bxf6 gxf6 16. Nd5 Rd8 17. Nxe7 Kxe7 18. Bh3 h5 19. Rd2 b5 20. e5 dxe5 21.
Rxd8 Rxd8 22. fxe5 fxe5 23. Rxe5 h4 24. Re3 Rh8 25. Bg4 Bd5 26. Be2 f5 27. a4
bxa4 28. Bxa6 hxg3 29. hxg3 Rh1+ 30. Kd2 Rb1 31. Bb5 a3 32. Rxa3 Rxb2 33. Be2
Kf6 34. Bf3 Bxf3 35. Rxf3 Rb4 36. Rb3 Rg4 37. Ke2 e5 38. Rc3 Kg5 39. Kf2 Rd4
40. Rc5 e4 41. Rc8 Rd2+ 42. Ke3 Rg2 43. Rg8+ Kf6 44. g4 Rg3+ 45. Kd4 fxg4 46.
Kxe4 Rg1 47. c4 g3 48. Kf3 1/2-1/2

[Event "10th Open"]
[Site "Dubai UAE"]
[Date "2008.04.06"]
[Round "1"]
[White "Rausis, I."]
[Black "Chaichi, N."]
[Result "1-0"]
[WhiteElo "2512"]
[BlackElo "2134"]
[PlyCount "89"]
[EventDate "2008.04.07"]

1. Nf3 Nf6 2. g3 b6 3. Bg2 Bb7 4. O-O e6 5. c4 c5 6. Nc3 a6 7. e3 Qc7 8. b3 Be7
9. d4 O-O 10. d5 exd5 11. cxd5 b5 12. Nh4 Ne8 13. Ne4 Bxh4 14. gxh4 Qe5 15. Rb1
d6 16. Bb2 Qe7 17. h5 h6 18. Ng3 Nd7 19. e4 Ndf6 20. f4 Rd8 21. Qd2 Bc8 22. h3
Nh7 23. Rbe1 Qh4 24. Re3 Nef6 25. Qe2 Rfe8 26. Rff3 Re7 27. Bc3 Nxh5 28. Nxh5
Qxh5 29. Rg3 Qxe2 30. Rxg7+ Kf8 31. Rxe2 f6 32. Rg6 Bf5 33. Rxf6+ Nxf6 34. Bxf6
Rde8 35. Bxe7+ Rxe7 36. Kf2 Bg6 37. Bf3 Kf7 38. e5 c4 39. bxc4 bxc4 40. exd6
Rd7 41. Be4 Bxe4 42. Rxe4 Rxd6 43. Rd4 Kf6 44. Ke3 Kf5 45. Kd2 1-0

[Event "10th Open"]
[Site "Dubai UAE"]
[Date "2008.04.06"]
[Round "1"]
[White "Partac, E."]
[Black "Kalegin, E."]
[Result "1/2-1/2"]
[WhiteElo "2125"]
[BlackElo "2510"]
[PlyCount "66"]
[EventDate "2008.04.07"]

1. e4 c5 2. Nc3 a6 3. g3 b5 4. a3 Bb7 5. Bg2 e6 6. d3 d5 7. exd5 Nf6 8. Bg5 Be7
9. Nge2 Nxd5 10. Bxe7 Qxe7 11. Nxd5 Bxd5 12. Bxd5 exd5 13. d4 O-O 14. O-O Nc6
15. c3 c4 16. Nf4 Rad8 17. Re1 Qf6 18. Qh5 g6 19. Qg4 Kh8 20. h4 h5 21. Qf3 Qf5
22. Re2 a5 23. Kg2 Kg8 24. Rae1 Kg7 25. Re5 Nxe5 26. Rxe5 Qf6 27. Nxh5+ gxh5
28. Rg5+ Qg6 29. Qxh5 Rd6 30. Rxg6+ fxg6 31. Qe5+ Rff6 32. Qe7+ Kg8 33. Qe8+
Kg7 1/2-1/2

[Event "10th Open"]
[Site "Dubai UAE"]
[Date "2008.04.06"]
[Round "1"]
[White "Laxman, R."]
[Black "Swati, M."]
[Result "1-0"]
[WhiteElo "2488"]
[BlackElo "2114"]
[PlyCount "31"]
[EventDate "2008.04.07"]

1. d4 d5 2. c4 c6 3. e3 Bf5 4. Nc3 e6 5. Nf3 Nf6 6. Nh4 Bg6 7. Qb3 Qc7 8. Nxg6
hxg6 9. g3 dxc4 10. Qxc4 Nbd7 11. Bg2 e5 12. O-O Nb6 13. Qb3 exd4 14. exd4
O-O-O 15. Bf4 Qd7 16. Nb5 1-0

[Event "10th Open"]
[Site "Dubai UAE"]
[Date "2008.04.06"]
[Round "1"]
[White "Rice, C."]
[Black "Guliev, Sarh"]
[Result "0-1"]
[WhiteElo "2108"]
[BlackElo "2487"]
[PlyCount "52"]
[EventDate "2008.04.07"]

1. c4 f5 2. g3 Nf6 3. Bg2 e5 4. d4 e4 5. Nc3 Bb4 6. Qb3 Nc6 7. e3 a5 8. Bd2 a4
9. Qc2 a3 10. b3 Be7 11. f3 Nb4 12. Qb1 Nd3+ 13. Ke2 d5 14. cxd5 O-O 15. fxe4
fxe4 16. Nxe4 Nxe4 17. Bxe4 Nf2 18. Bf3 Nxh1 19. Bxh1 Bg4+ 20. Ke1 Qd6 21. Qe4
Qf6 22. Qg2 Bd6 23. Ne2 Rae8 24. Rc1 Qf5 25. Nc3 Qd3 26. Ne2 Rxe3 0-1

[Event "10th Open"]
[Site "Dubai UAE"]
[Date "2008.04.06"]
[Round "1"]
[White "El Taher, F."]
[Black "Marwan, A."]
[Result "1/2-1/2"]
[WhiteElo "2486"]
[BlackElo "2096"]
[PlyCount "49"]
[EventDate "2008.04.07"]

1. e4 c5 2. Nf3 e6 3. d4 cxd4 4. Nxd4 a6 5. c4 Nf6 6. Nc3 Bb4 7. Bd3 Nc6 8.
Nxc6 dxc6 9. O-O e5 10. Bg5 Be7 11. Qe2 O-O 12. Rfd1 Bg4 13. f3 Be6 14. Be3 Nd7
15. Qf2 Bg5 16. Bxg5 Qxg5 17. c5 a5 18. b3 Qe7 19. Na4 f5 20. exf5 Bxf5 21.
Bxf5 Rxf5 22. Rd6 Nf6 23. Qc2 e4 24. Rad1 Rf8 25. R6d4 1/2-1/2

[Event "10th Open"]
[Site "Dubai UAE"]
[Date "2008.04.06"]
[Round "1"]
[White "Mroweh, H."]
[Black "Ramesh, R."]
[Result "0-1"]
[WhiteElo "2095"]
[BlackElo "2472"]
[PlyCount "68"]
[EventDate "2008.04.07"]

1. d4 Nf6 2. Nf3 e6 3. e3 b6 4. Bd3 Bb7 5. O-O d5 6. b3 Be7 7. Bb2 O-O 8. Nbd2
c5 9. Ne5 a5 10. a4 Nc6 11. Nxc6 Bxc6 12. Qe2 Qc7 13. c4 cxd4 14. exd4 Qf4 15.
Rfd1 Rac8 16. Nf1 Rfd8 17. Qe3 Qh4 18. Be2 Bd6 19. Qh3 Qxh3 20. gxh3 Bb4 21.
Ne3 Ne4 22. Rd3 Bb7 23. f3 Nf6 24. Rc1 Nh5 25. Ng2 g6 26. Rdd1 Be7 27. Kf2 Bd6
28. Rh1 Rc7 29. Ke3 Ng7 30. Bd3 Nf5+ 31. Bxf5 exf5 32. c5 bxc5 33. dxc5 Bxc5+
34. Bd4 Re7+ 0-1

[Event "10th Open"]
[Site "Dubai UAE"]
[Date "2008.04.06"]
[Round "1"]
[White "Ali, O."]
[Black "Ashwin, J."]
[Result "0-1"]
[WhiteElo "2081"]
[BlackElo "2446"]
[PlyCount "42"]
[EventDate "2008.04.07"]

1. c4 Nf6 2. Nc3 e5 3. g3 Nc6 4. Bg2 Bc5 5. e3 d5 6. Nxd5 Nxd5 7. cxd5 Nb4 8.
Qa4+ Bd7 9. Qb3 Bb5 10. Be4 c6 11. dxc6 bxc6 12. Qc3 Qd6 13. f4 exf4 14. gxf4
Bd3 15. Bxd3 Nxd3+ 16. Ke2 O-O-O 17. Nf3 Rhe8 18. Kf1 Qd5 19. Kg2 Re6 20. Rf1
Rg6+ 21. Kh1 Qh5 0-1

[Event "10th Open"]
[Site "Dubai UAE"]
[Date "2008.04.06"]
[Round "1"]
[White "Salem, AR."]
[Black "Kayle, C."]
[Result "0-1"]
[WhiteElo "2429"]
[BlackElo "2059"]
[PlyCount "78"]
[EventDate "2008.04.07"]

1. d4 d5 2. c4 e6 3. Nc3 Nf6 4. cxd5 exd5 5. Bg5 Be7 6. e3 O-O 7. Bd3 c6 8. Qc2
Nbd7 9. Nge2 Re8 10. O-O-O Nf8 11. h3 Ne4 12. Bxe7 Qxe7 13. Bxe4 dxe4 14. g4 f5
15. gxf5 Bxf5 16. Ng3 Bg6 17. h4 b5 18. h5 Bf7 19. Rhg1 Be6 20. Ncxe4 Bg4 21.
Rde1 Qe6 22. Nc5 Qxa2 23. Nge4 Be6 24. Nf6+ Kh8 25. Nxe8 Rxe8 26. h6 Qa1+ 27.
Kd2 Qa5+ 28. Qc3 Qxc3+ 29. bxc3 gxh6 30. Ra1 Bd5 31. Rxa7 Ng6 32. e4 Bc4 33.
Rh1 Rf8 34. Rxh6 Rxf2+ 35. Ke3 Re2+ 36. Kf3 Nf8 37. Rf6 Ng6 38. Rxc6 Re1 39.
Rc8+ Bg8 0-1

[Event "10th Open"]
[Site "Dubai UAE"]
[Date "2008.04.07"]
[Round "2"]
[White "Debashis, D."]
[Black "Gupta, Ab"]
[Result "0-1"]
[WhiteElo "2294"]
[BlackElo "2521"]
[PlyCount "88"]
[EventDate "2008.04.07"]

1. e4 e5 2. Nf3 Nc6 3. Bb5 Nge7 4. O-O g6 5. c3 a6 6. Ba4 Bg7 7. d4 exd4 8.
cxd4 d5 9. exd5 Nxd5 10. Re1+ Be6 11. Bxc6+ bxc6 12. Ng5 O-O 13. Nxe6 fxe6 14.
Nd2 Bxd4 15. Nf3 Bg7 16. Rxe6 Rb8 17. Rxc6 Nb4 18. Qb3+ Kh8 19. Re6 Nd3 20. Qc2
Qd7 21. Re3 Rfd8 22. Rb1 Nb4 23. Qc4 Qf5 24. Nd2 Rxd2 25. Bxd2 Qxb1+ 26. Re1
Qc2 27. Qf7 Rf8 28. Bc3 Qxc3 29. Qxf8+ Bxf8 30. bxc3 Nxa2 31. Re8 Kg7 32. Ra8
Nxc3 33. Rxa6 Bd6 34. g3 Kf6 35. Rc6 Ne4 36. Rc2 Ke6 37. f3 Nf6 38. Kf2 c5 39.
f4 Kd5 40. Kf3 c4 41. g4 Bb4 42. h4 c3 43. g5 Nh5 44. Kg4 Kc4 0-1

[Event "10th Open"]
[Site "Dubai UAE"]
[Date "2008.04.07"]
[Round "2"]
[White "Mohannad, F."]
[Black "Ibrayev, N."]
[Result "0-1"]
[WhiteElo "2285"]
[BlackElo "2507"]
[PlyCount "112"]
[EventDate "2008.04.07"]

1. d4 Nf6 2. c4 e6 3. Nc3 Bb4 4. Qc2 c5 5. dxc5 Bxc5 6. Nf3 Qb6 7. e3 Qc7 8. g4
h6 9. Rg1 a6 10. Bd2 b6 11. h4 Bb7 12. Be2 h5 13. g5 Ng4 14. g6 f6 15. Ne4 Be7
16. Bc3 Nc6 17. Ng3 O-O-O 18. a3 Kb8 19. Nd2 Nce5 20. Bd4 f5 21. b4 Nc6 22.
Bxg7 Rhg8 23. Bxg4 hxg4 24. Bb2 Bxh4 25. g7 Ne5 26. Rc1 d6 27. Bd4 Nc6 28. Bb2
Rc8 29. Qb3 Ne5 30. Bd4 Nd7 31. Bb2 Bf6 32. Nh5 Bxb2 33. Qxb2 Ne5 34. Qd4 Nd7
35. f3 e5 36. Qd3 e4 37. fxe4 Ne5 38. Qd4 fxe4 39. Kd1 Ka7 40. a4 Qf7 41. Nf4
Nc6 42. Qxd6 Rcd8 43. Qe6 Qxg7 44. a5 bxa5 45. b5 axb5 46. cxb5 Qb2 47. Nd5
Qxb5 48. Nc3 Rxd2+ 49. Kxd2 Qd3+ 50. Ke1 Qxe3+ 51. Ne2 Qxe2+ 52. Kxe2 Nd4+ 53.
Ke3 Nxe6 54. Ra1 Rg5 55. Ra3 g3 56. Rga1 Ka6 0-1

[Event "10th Open"]
[Site "Dubai UAE"]
[Date "2008.04.07"]
[Round "2"]
[White "Ismagambetov, An"]
[Black "Grover, S."]
[Result "1-0"]
[WhiteElo "2492"]
[BlackElo "2300"]
[PlyCount "89"]
[EventDate "2008.04.07"]

1. e4 e5 2. Nf3 Nc6 3. Bb5 a6 4. Ba4 Nf6 5. Nc3 b5 6. Bb3 Be7 7. a4 b4 8. Nd5
d6 9. d3 O-O 10. O-O Rb8 11. c3 Na5 12. Nxe7+ Qxe7 13. Bc2 bxc3 14. bxc3 Be6
15. Nd2 c5 16. Ba3 Qc7 17. Rc1 c4 18. d4 Rfd8 19. d5 Bg4 20. f3 Bd7 21. Bb4 Nb3
22. Bxb3 cxb3 23. a5 Bb5 24. Rf2 b2 25. Rb1 Nd7 26. c4 Bxc4 27. Bxd6 Qxd6 28.
Nxc4 Qc5 29. Nxb2 Qxa5 30. Nd3 Rxb1 31. Qxb1 Qc3 32. g3 a5 33. Ra2 Rb8 34. Qc2
Qxc2 35. Rxc2 a4 36. Kf2 a3 37. Ke3 f6 38. Ra2 Ra8 39. Kd2 Ra4 40. Ne1 Nc5 41.
Kc3 Rd4 42. Rxa3 Rd1 43. Nc2 Rf1 44. Kc4 Nd7 45. Nb4 1-0

[Event "10th Open"]
[Site "Dubai UAE"]
[Date "2008.04.07"]
[Round "2"]
[White "Somoff, A."]
[Black "Laxman, R."]
[Result "0-1"]
[WhiteElo "2278"]
[BlackElo "2488"]
[PlyCount "104"]
[EventDate "2008.04.07"]

1. e4 e5 2. d4 exd4 3. Nf3 Nc6 4. Bc4 Nf6 5. O-O Nxe4 6. Re1 d5 7. Bxd5 Qxd5 8.
Nc3 Qa5 9. Nxe4 Be6 10. Neg5 O-O-O 11. Nxe6 fxe6 12. Rxe6 Bd6 13. Qe2 Qh5 14.
h3 Qd5 15. Qe4 Qxe4 16. Rxe4 Rhe8 17. Rxe8 Rxe8 18. Bd2 Bc5 19. Kf1 a5 20. a4
h6 21. Re1 Rxe1+ 22. Kxe1 Kd7 23. Ke2 Ke6 24. Bf4 Bd6 25. Bxd6 Kxd6 26. Kd3 Kd5
27. c3 dxc3 28. Kxc3 Ne7 29. Nd2 Nf5 30. Nf3 c6 31. Nd2 Nd6 32. f3 b5 33. b3
Nf5 34. Kd3 Nd4 35. f4 Ne6 36. g3 Nc5+ 37. Ke3 bxa4 38. bxa4 Nxa4 39. Nb3 Nb2
40. Nxa5 Nc4+ 41. Nxc4 Kxc4 42. g4 c5 43. g5 hxg5 44. fxg5 Kd5 45. Kf4 Kd4 46.
h4 c4 47. h5 c3 48. Kf5 c2 49. h6 gxh6 50. gxh6 c1=Q 51. Kg6 Qc7 52. h7 Qe5 0-1

[Event "10th Open"]
[Site "Dubai UAE"]
[Date "2008.04.07"]
[Round "2"]
[White "Guliev, Sarh"]
[Black "Ramaswamy, A."]
[Result "1/2-1/2"]
[WhiteElo "2487"]
[BlackElo "2298"]
[PlyCount "86"]
[EventDate "2008.04.07"]

1. d4 d5 2. c4 c6 3. Nf3 Nf6 4. e3 Nbd7 5. cxd5 cxd5 6. Nc3 e6 7. Bd3 a6 8. O-O
Bd6 9. b3 O-O 10. Bb2 b5 11. a4 b4 12. Ne2 Bb7 13. Ne5 a5 14. f4 Ne4 15. Ng3 f6
16. Qg4 Qe7 17. Nxe4 dxe4 18. Bc4 f5 19. Qh3 Nb6 20. g4 Bxe5 21. dxe5 Nxc4 22.
bxc4 Rac8 23. gxf5 Rxf5 24. Rac1 Ba6 25. Qg2 Rxc4 26. Rxc4 Bxc4 27. Rc1 Bd5 28.
Bd4 Rf8 29. Rc5 Qh4 30. h3 b3 31. Kh2 h6 32. Rxa5 Rc8 33. Rc5 Rxc5 34. Bxc5 Qe1
35. Bd4 Bc4 36. f5 exf5 37. e6 Qe2 38. e7 Kf7 39. Qxe2 Bxe2 40. Bxg7 Kxe7 41.
Kg3 Kf7 42. Bh8 Ke6 43. Kf2 Ba6 1/2-1/2

[Event "10th Open"]
[Site "Dubai UAE"]
[Date "2008.04.07"]
[Round "2"]
[White "Noroozi, O."]
[Black "Sadorra, J."]
[Result "0-1"]
[WhiteElo "2274"]
[BlackElo "2455"]
[PlyCount "54"]
[EventDate "2008.04.07"]

1. c4 c5 2. Nf3 Nc6 3. Nc3 e5 4. e3 Nf6 5. d4 cxd4 6. exd4 e4 7. Ne5 Bb4 8. Bf4
Qa5 9. Qd2 Ne7 10. c5 b5 11. cxb6 Qxb6 12. a3 Bxc3 13. bxc3 O-O 14. Be2 Ba6 15.
c4 Nf5 16. Rd1 d6 17. Ng4 Nxg4 18. Bxg4 Nh4 19. Bg5 Nxg2+ 20. Kf1 f6 21. Be6+
Kh8 22. Bh6 Rae8 23. Bd5 Nh4 24. Rg1 Ng6 25. h4 Qb3 26. Rg3 Bxc4+ 27. Kg1 e3
0-1

[Event "10th Open"]
[Site "Dubai UAE"]
[Date "2008.04.07"]
[Round "2"]
[White "Momeni, E."]
[Black "Tissir, M."]
[Result "0-1"]
[WhiteElo "2253"]
[BlackElo "2428"]
[PlyCount "56"]
[EventDate "2008.04.07"]

1. d4 Nf6 2. c4 e6 3. Nf3 d5 4. Nc3 c6 5. cxd5 exd5 6. Bg5 Nbd7 7. e3 Bd6 8.
Bd3 Nf8 9. Qc2 Ng6 10. O-O O-O 11. Rfc1 h6 12. Bxf6 Qxf6 13. Rab1 Bg4 14. Ne1
Rae8 15. b4 Nh4 16. b5 Ba3 17. bxc6 bxc6 18. Na4 Bxc1 19. Rxc1 Qg5 20. g3 Nf3+
21. Nxf3 Bxf3 22. Qxc6 Rxe3 23. h4 Qe7 24. Qc3 Re4 25. Nc5 Rxh4 26. gxh4 Qxh4
27. Bh7+ Kxh7 28. Qxf3 Qg5+ 0-1

[Event "10th Open"]
[Site "Dubai UAE"]
[Date "2008.04.07"]
[Round "2"]
[White "Guliev, L."]
[Black "Phadke, So1"]
[Result "1/2-1/2"]
[WhiteElo "2434"]
[BlackElo "2285"]
[PlyCount "44"]
[EventDate "2008.04.07"]

1. e4 c5 2. Nf3 Nc6 3. Bb5 e6 4. Bxc6 bxc6 5. O-O Ne7 6. b3 d5 7. d3 Ng6 8. Bb2
f6 9. e5 Be7 10. c4 O-O 11. Re1 a5 12. Nc3 fxe5 13. Na4 Bd6 14. Nxe5 Qc7 15.
Nxg6 Bxh2+ 16. Kh1 hxg6 17. Qg4 Bf4 18. Qxg6 e5 19. Qh5 Rf5 20. Qe8+ Rf8 21.
Qh5 Rf5 22. Qe8+ Rf8 1/2-1/2

[Event "10th Open"]
[Site "Dubai UAE"]
[Date "2008.04.07"]
[Round "2"]
[White "Al Housa, K."]
[Black "Salem, AR."]
[Result "0-1"]
[WhiteElo "2023"]
[BlackElo "2429"]
[PlyCount "62"]
[EventDate "2008.04.07"]

1. Nf3 d5 2. d4 Nf6 3. e3 e6 4. Bd3 Bd6 5. O-O O-O 6. c4 c5 7. Nc3 a6 8. b3 Nc6
9. a3 Re8 10. Bb2 dxc4 11. dxc5 cxd3 12. cxd6 Qxd6 13. h3 e5 14. e4 Be6 15. Re1
Red8 16. Re3 Rac8 17. Na4 b5 18. Nc3 Na5 19. Nd5 Nxd5 20. exd5 Qxd5 21. Nxe5
Qxb3 22. Nxd3 Bf5 23. Qxb3 Nxb3 24. Rd1 Nc5 25. Nxc5 Rxd1+ 26. Kh2 Rd2 27. Bc3
Rc2 28. Bd4 Rc4 29. Nb3 Bc2 30. Rg3 Bxb3 31. Bxg7 Bc2 0-1

[Event "10th Open"]
[Site "Dubai UAE"]
[Date "2008.04.07"]
[Round "2"]
[White "Arutinian, D."]
[Black "Darwish, M."]
[Result "1-0"]
[WhiteElo "2593"]
[BlackElo "2157"]
[PlyCount "51"]
[EventDate "2008.04.07"]

1. d4 d5 2. c4 Nf6 3. Nf3 c6 4. Nc3 dxc4 5. a4 Bf5 6. Ne5 Nbd7 7. Nxc4 Qc7 8.
g3 e5 9. dxe5 Nxe5 10. Bf4 Nfd7 11. Bg2 g5 12. Bxe5 Nxe5 13. Qd4 f6 14. Ne3 Qd7
15. Nxf5 Qxf5 16. Ne4 Be7 17. O-O Qd7 18. Qc3 g4 19. Rad1 Qe6 20. f4 gxf3 21.
exf3 O-O 22. f4 Ng4 23. h3 Nh6 24. Rfe1 Qf7 25. Rd7 Bb4 26. Rxf7 1-0

[Event "10th Open"]
[Site "Dubai UAE"]
[Date "2008.04.07"]
[Round "2"]
[White "Marwan, A."]
[Black "AlHuwar, J."]
[Result "0-1"]
[WhiteElo "2096"]
[BlackElo "2274"]
[PlyCount "64"]
[EventDate "2008.04.07"]

1. e4 e6 2. d4 d5 3. Nc3 Nf6 4. e5 Nfd7 5. Nf3 c5 6. dxc5 Nc6 7. Bf4 Bxc5 8.
Bd3 f6 9. exf6 Nxf6 10. Ne5 O-O 11. O-O g6 12. Qe2 Nh5 13. Bh6 Nf4 14. Qe1 Qh4
15. Bxf8 Qg5 16. g3 Nxe5 17. Be2 Bxf8 18. h4 Nxe2+ 19. Qxe2 Qf5 20. Nb5 Bd7 21.
Nd4 Qf6 22. Rfe1 Nc4 23. c3 e5 24. Nb3 e4 25. Nd2 Ne5 26. c4 Bb4 27. Kg2 Bg4
28. Qe3 Nf3 29. Nxf3 Qxf3+ 30. Qxf3 Bxf3+ 31. Kh3 Bxe1 32. Rxe1 d4 0-1

[Event "10th Open"]
[Site "Dubai UAE"]
[Date "2008.04.07"]
[Round "2"]
[White "Narayanan, Sr"]
[Black "Omar, N."]
[Result "1-0"]
[WhiteElo "2220"]
[BlackElo "1926"]
[PlyCount "80"]
[EventDate "2008.04.07"]

1. e4 c6 2. d4 d5 3. e5 Bf5 4. Nf3 e6 5. Be2 c5 6. Be3 Nc6 7. dxc5 Nge7 8. c3
Ng6 9. Bb5 Qc7 10. Qa4 Be7 11. Nbd2 O-O 12. Bxc6 bxc6 13. O-O Nxe5 14. Nxe5
Qxe5 15. Qxc6 Rfc8 16. Qb7 Qc7 17. Qxc7 Rxc7 18. b4 a5 19. Nb3 a4 20. Nd4 Bd3
21. Bf4 Rcc8 22. Rfd1 Bc4 23. a3 Bf6 24. Re1 Bxd4 25. cxd4 h6 26. Rab1 Bb5 27.
Bd6 Rc6 28. f4 Re8 29. f5 Rcc8 30. fxe6 Rxe6 31. Re5 Rxe5 32. dxe5 Kh7 33. Kf2
Kg6 34. Rd1 Bc6 35. g4 Re8 36. Rb1 Bb5 37. Ke3 f5 38. Kd4 fxg4 39. Kxd5 Rc8 40.
e6 Kf5 1-0

[Event "10th Open"]
[Site "Dubai UAE"]
[Date "2008.04.08"]
[Round "3"]
[White "El Taher, F."]
[Black "Ramaswamy, A."]
[Result "1/2-1/2"]
[WhiteElo "2486"]
[BlackElo "2298"]
[PlyCount "91"]
[EventDate "2008.04.07"]

1. e4 c5 2. Nf3 Nc6 3. d4 cxd4 4. Nxd4 e5 5. Nb5 d6 6. Be3 Be6 7. Nd2 Nf6 8.
Bg5 a6 9. Nc3 b5 10. a4 b4 11. Nd5 Be7 12. Bxf6 Bxf6 13. Nc4 Bxd5 14. Qxd5 Nd4
15. Nxd6+ Ke7 16. Nf5+ Nxf5 17. Qb7+ Qd7 18. Qxd7+ Kxd7 19. exf5 Rhc8 20.
O-O-O+ Ke8 21. Bd3 Rd8 22. Rhe1 Kf8 23. Be4 Rxd1+ 24. Rxd1 Rd8 25. Bd5 e4 26.
Kb1 a5 27. Ka2 Ke7 28. Kb3 Be5 29. g3 Kf6 30. c4 bxc3 31. bxc3 h5 32. Kc2 Rc8
33. Bxe4 Rxc3+ 34. Kd2 Rc4 35. Bc2 Rd4+ 36. Ke3 Rxd1 37. Bxd1 Kxf5 38. Bxh5 g6
39. Be2 Kf6 40. h4 Kg7 41. f4 Bc7 42. Bd3 f6 43. Kf3 Bb6 44. Kg4 Bd4 45. h5
gxh5+ 46. Kxh5 1/2-1/2

[Event "10th Open"]
[Site "Dubai UAE"]
[Date "2008.04.08"]
[Round "3"]
[White "Phadke, So1"]
[Black "Ashwin, J."]
[Result "0-1"]
[WhiteElo "2285"]
[BlackElo "2446"]
[PlyCount "70"]
[EventDate "2008.04.07"]

1. e4 c5 2. a3 e6 3. b4 cxb4 4. axb4 Bxb4 5. Bb2 Nf6 6. e5 Nd5 7. c4 Ne7 8. Qg4
Ng6 9. h4 Qb6 10. Nc3 h5 11. Qe4 Na6 12. Nf3 d6 13. Nb5 O-O 14. Be2 d5 15. cxd5
exd5 16. Qxd5 Nf4 17. Qe4 Nxe2 18. Qxe2 Bd7 19. Nbd4 Bc5 20. Bc3 Bg4 21. Qb5
Nc7 22. Qxb6 Bxb6 23. O-O Nd5 24. Ba5 Bc5 25. Nb3 Be7 26. d4 b6 27. Be1 a5 28.
Nbd2 a4 29. Ne4 b5 30. Nc5 Bxc5 31. dxc5 Bxf3 32. gxf3 Rfc8 33. Rc1 Nf4 34. Rb1
Rxc5 35. Bb4 Rxe5 0-1

[Event "10th Open"]
[Site "Dubai UAE"]
[Date "2008.04.08"]
[Round "3"]
[White "Pourkashiyan, A."]
[Black "Guliev, L."]
[Result "1/2-1/2"]
[WhiteElo "2268"]
[BlackElo "2434"]
[PlyCount "102"]
[EventDate "2008.04.07"]

1. e4 c5 2. Nf3 Nc6 3. d4 cxd4 4. Nxd4 Nf6 5. Nc3 d6 6. Bc4 e6 7. Bb3 Be7 8.
Be3 a6 9. O-O O-O 10. f4 Qc7 11. Kh1 b5 12. a3 Bb7 13. Qf3 Nxd4 14. Bxd4 Bc6
15. Rae1 a5 16. Qe2 b4 17. axb4 axb4 18. e5 dxe5 19. fxe5 Nd7 20. Ne4 Kh8 21.
Qg4 Nxe5 22. Qf4 f6 23. Bxe6 Rad8 24. c3 Qb7 25. Qe3 Bb5 26. Rf5 Qc6 27. Bb3
Bc4 28. Bxc4 Nxc4 29. Qc1 Rfe8 30. Rff1 b3 31. Nd2 Qb5 32. Nxc4 Qxc4 33. Qf4
Bf8 34. g3 Qd3 35. Kg2 Qc2+ 36. Qf2 Qd3 37. Rxe8 Rxe8 38. Re1 Rc8 39. Qe2 Qg6
40. Qe6 Rb8 41. Qc4 Qg5 42. Re2 h6 43. Rf2 Qb5 44. Rf5 Qd7 45. Qd5 Qe8 46. Rf2
Qe1 47. Rf1 Qe2+ 48. Rf2 Qa6 49. Be3 Re8 50. Bd4 Re1 51. Qf3 Qc4 1/2-1/2